000 00616cam a2200205 4500500
005 20260405001002.0
041 _afre
042 _adc
100 1 0 _aLegros, Martin
_eauthor
245 0 0 _aÉtienne Balibar, Hubert Védrine. Au chevet de l’Europe
260 _c2010.
500 _a37
690 _aCitoyens
690 _aDéclin
690 _aHistoire
690 _aMondialisation
690 _aPolitique
786 0 _nPhilosophie magazine | 42 | 9 | 2010-09-01 | p. 11-12 | 1951-1787
856 4 1 _uhttps://shs.cairn.info/magazine-philosophie-magazine-2010-9-page-11?lang=fr&redirect-ssocas=7080
999 _c2042885
_d2042885